Statistics for Organizational Acronyms #2

Click here to take the quiz!

General Stats

  • This quiz has been taken 9,663 times
  • The average score is 11 of 20

Answer Stats

AcronymOrganization% Correct
EU{European} Union
98%
NFLNational {Football} {League}
93%
PRC{People}'{s} {Republic} of China
80%
WTO{World} {Trade} Organization
73%
NRANational {Rifle} {Association}
73%
DMVDepartment of {Motor} {Vehicles}
73%
NATO{North} {Atlantic} Treaty Organization
72%
LDS{Latter}-{day} Saints
61%
PBS{Public} {Broadcasting} Service
59%
FIFAFédération Internationale de
{Football} {Association}
58%
IMFInternational {Monetary} {Fund}
57%
RCMPRoyal Canadian {Mounted} {Police}
53%
GOP{Grand} {Old} Party
50%
NA{Narcotics} Anonymous
45%
PLO{Palestine} {Liberation} Organization
38%
CHiPCalifornia {Highway} {Patrol}
37%
EPLEnglish {Premier} {League}
37%
ANC{African} {National} Congress
35%
SASSpecial {Air} {Service}
30%
SDSStudents for a {Democratic} {Society}
20%

Score Distribution

Percentile by Number Answered

Percent of People with Each Score

Your Score History

You have not taken this quiz